Genetics

Bibliographic Details
Corporate Author: Genetics Society of America
Format: Electronic Journal
Language:English
Published: Austin, TX : Genetics Society of America
Bethesda, Md. :
Subjects:
Online Access:Full text available from Research Library: 10/01/2004 to present

MARC

LEADER 00000nas a2200000 a 4500
001 ssj0006958
003 WaSeSS
005 20200512172242.0
006 m d
007 cr n
008 990216c19169999mdumr pss 0 a0eng c
010 |a  00238706  
022 |a 1943-2631  |l 0016-6731  |y 0016-6731 
027 |a HighWire 
030 |a GENTAE 
035 |a (WaSeSS)ssj0006958 
037 |b Genetics Society of America, 9650 Rockville Pike, Bethesda, MD 20814-3998 
040 |a TMC  |b eng  |e pn  |c TMC  |d IUL  |d MXC  |d OCLCQ  |d MUQ  |d OCLCQ  |d CDS  |d EYM  |d DLC  |d BUF  |d AU@  |d N@F  |d JNA  |d OCLCQ  |d AGL  |d OCLCQ  |d OCLCO  |d BUF  |d OCLCF  |d CUS  |d OCLCO  |d VT2  |d OCLCQ  |d OCLCO  |d IAZ  |d TSC  |d CUS  |d IOG  |d OCLCO  |d APUMS  |d LND  |d OCLCO  |d U3W  |d MST  |d CCO  |d OCLCE  |d OCLCO  |d AUD  |d OCLCA  |d WaSeSS 
042 |a pcc  |a nsdp  |a dlr 
050 1 4 |a QH431 
060 0 |a W1 GE293 
070 0 |a 442.8  |b G28 
072 0 |a X300 
082 1 0 |a 575  |2 14 
082 0 4 |a 070.572 
130 0 |a Genetics (Online) 
210 0 |a Genet.  |b (Austin Tex., Online) 
222 0 |a Genetics  |b (Austin, Tex. Online) 
245 1 0 |a Genetics  |h [electronic resource]. 
260 |a Austin, TX :  |b Genetics Society of America 
260 3 |3 <1983>- :  |a Bethesda, Md. :  |b Genetics Society of America 
310 |a Monthly 
362 1 |a Print began with vol. 1, issue 1 (Jan. 1916). 
506 |a License restrictions may limit access. 
538 |a Master and use copy. Digital master created according to Benchmark for Faithful Digital Reproductions of Monographs and Serials, Version 1. Digital Library Federation, December 2002.  |u http://purl.oclc.org/DLF/benchrepro0212  |5 MiAaHDL 
538 |a Mode of access: World Wide Web. 
550 |a Official publication of the Genetics Society of America. 
583 1 |a digitized  |c 2010  |h HathiTrust Digital Library  |l committed to preserve  |2 pda  |5 MiAaHDL 
588 |a Description based on: Vol. 148, issue 1 (Jan. 1998); title from journal home page. 
588 |a Latest issue consulted: Vol. 187, issue 2 (Feb. 2011) (viewed Feb. 14, 2011). 
650 0 |a Genetics  |v Periodicals. 
650 2 |a Genetics. 
650 6 |a Génétique  |v Périodiques. 
650 7 |a Genetics.  |2 fast  |0 (OCoLC)fst00940117 
650 1 7 |a Genetica.  |2 gtt 
650 1 7 |a Moleculaire biologie.  |2 gtt 
655 0 |a Electronic journals. 
710 2 |a Genetics Society of America. 
776 0 8 |i Print version, 1916-2009:  |t Genetics  |x 0016-6731  |w (DLC)a 38000521  |w (OCoLC)1570590 
856 4 0 |z Full text available from Research Library: 10/01/2004 to present  |u https://search.proquest.com/publication/47453